000 00583cam a22002051 4500
001 ne 64002843
003 DLC
005 20260227111806.0
008 900618s1964 ua a 000 1 ararc
010 _ane 64002843
025 _aPL480:UAR-4594
035 _a(OCoLC)21881930
040 _aPrinceton Univ. Libr.
_cWaU
_dDLC
042 _apremarc
050 0 0 _aPJ7862.I35
_bL3
100 1 _aSibāʻī, Yūsuf.
245 1 0 _aLayl lahu ākhir
_c[taʼlīf] Yūsuf al-Sibāʻī.
260 _a[al-Qāhirah]
_bMuʼassasat al-Khānjī
_c[1964]
300 _a2 v. (977 p.)
_billus.
_c20 cm.
999 _c47557
_d47557